| Tag |
First Indicator |
Second Indicator |
Subfields |
| LEADER |
00000cem a2200000 a 4500 |
| 001 |
in00001478310 |
| 005 |
20151021064216.0 |
| 008 |
811015s1958 cou a 0 eng d |
| 035 |
|
|
|a (OCoLC)07850066
|
| 035 |
|
|
|9 AJG5642AM
|
| 040 |
|
|
|a COP
|c COP
|d TXA
|d UtOrBLW
|
| 049 |
|
|
|a TXAC
|
| 052 |
|
|
|a 4311
|
| 090 |
|
|
|a G4311.C57 1958
|b .R6
|
| 110 |
2 |
|
|a Rocky Mountain Association of Geologists.
|
| 245 |
1 |
0 |
|a Stratigraphic cross section of paleozoic rocks in eastern Colorado /
|c by George Fentress[and others].
|
| 255 |
|
|
|a Scale indeterminable.
|
| 264 |
|
1 |
|a Denver :
|b Rocky Mountain Association of Geologists :
|c 1958.
|
| 264 |
|
2 |
|a Denver :
|b Petroleum Information [distributor],
|
| 300 |
|
|
|a 15 stratigraphic sections ;
|c on sheet 67 x 122 cm.
|
| 336 |
|
|
|a cartographic image
|b cri
|2 rdacontent
|
| 337 |
|
|
|a unmediated
|b n
|2 rdamedia
|
| 338 |
|
|
|a unspecified
|b zu
|2 rdacarrier
|
| 500 |
|
|
|a "Prepared for the Committee on Stratigraphic Correlations, AAPG."
|
| 500 |
|
|
|a Gives name, company, location, and elevation for each well.
|
| 500 |
|
|
|a Inset map shows location of wells.
|
| 500 |
|
|
|a Includes text and RMAG seal.
|
| 500 |
|
|
|a Cartographic material.
|
| 650 |
|
0 |
|a Geology, Stratigraphic
|y Paleozoic
|x Maps.
|
| 650 |
|
0 |
|a Geology
|z Colorado
|x Maps.
|
| 700 |
1 |
|
|a Fentress, George.
|
| 740 |
0 |
|
|a Paleozoic rocks in eastern Colorado.
|
| 948 |
|
|
|a c:jlg
|
| 999 |
|
|
|a MARS
|
| 999 |
f |
f |
|s d53aed86-209c-339b-8989-cea31e5c2051
|i 775916b8-58cf-3ac9-93fa-d135d21b10a5
|t 0
|
| 952 |
f |
f |
|p normal
|a Texas A&M University
|b College Station
|c Sterling C. Evans Library
|d Evans: Maps (2nd floor)
|t 0
|e G4311.C57 1958 .R6
|h Library of Congress classification
|i unspecified -- unspecified
|m A14824236507
|
| 998 |
f |
f |
|a G4311.C57 1958 .R6
|t 0
|l Evans: Maps (2nd floor)
|